| 000 | 00640nam a2200205 a 4500 | ||
|---|---|---|---|
| 005 | 20220604063750.0 | ||
| 008 | 010521s1993 r 000 0 eng d | ||
| 020 | _a8430905812 | ||
| 035 | _aUPN01000106492 | ||
| 049 | _aCG | ||
| 050 | 4 |
_aBC135 _bH5.48 1993 |
|
| 100 | 1 | _aHilbert, David, 1862-1943. | |
| 245 | 1 | 0 |
_aElementos de lógica teórica / _cD. Hilbert y W. Ackermann ; tr. de Victor Sánchez de Zavala. |
| 250 | _a3a. ed. | ||
| 260 |
_aMadrid : _bTecnos, _c1993. |
||
| 300 | _a231p. | ||
| 440 | 0 |
_aEstructura y función _pEl porvenir y actual de la ciencia |
|
| 650 | 4 |
_aLógica simbólica y matemática _93581 |
|
| 905 | _aLibro | ||
| 999 |
_c80404 _d80404 |
||